Statistics for Most Disliked YouTube Videos

Click here to take the quiz!

General Stats

  • This quiz has been taken 34 times
  • The average score is 4 of 15

Answer Stats

YouTuberAnswer% Correct
Justin BieberBaby
88%
YouTubeYouTube Rewind 2018: Everyone Controls Rewind
63%
Pinkfong Kids' Songs & StoriesBaby Shark Dance
59%
Luis FonsiDespacito
59%
YouTubeYouTube Rewind 2019: For the Record
50%
Jake PaulIt's Everyday Bro
41%
LooLoo KidsJohny Johny Yes Papa
19%
PewDiePieCan this video get 1 million dislikes?
13%
Fox Star StudiosSadak 2 Trailer
9%
Cocomelon - Nursery RhymesWheels on the Bus
9%
Cocomelon - Nursery RhymesBath Song
6%
Vitão and Luísa SonzaFlores
6%
Kiddiestv HindiHumpty the train on a fruits ride
0%
Jingle ToonsLakdi ki kathi
0%
Мирошка ТВLearning Colors - Colorful Eggs on a Farm
0%

Score Distribution

Percentile by Number Answered

Percent of People with Each Score

Your Score History

You have not taken this quiz